Online
Catalog

Octavio Paz : (Record no. 51214)

MARC details
000 -CABECERA
campo de control de longitud fija 01963nam a2200361 i 4500
003 - IDENTIFICADOR DEL NÚMERO DE CONTROL
campo de control DO-SdBNP
005 - FECHA Y HORA DE LA ÚLTIMA TRANSACCIÓN
campo de control 20251013100933.0
007 - CAMPO FIJO DE DESCRIPCIÓN FÍSICA--INFORMACIÓN GENERAL
campo de control de longitud fija ta
008 - DATOS DE LONGITUD FIJA--INFORMACIÓN GENERAL
campo de control de longitud fija 220125b2021 ||||| |||| 00| 0 spa d
020 ## - NÚMERO INTERNACIONAL ESTÁNDAR DEL LIBRO
Número Internacional Estándar del Libro 9789945629026
040 ## - FUENTE DE LA CATALOGACIÓN
Centro catalogador/agencia de origen DO-SdBNP
Lengua de catalogación spa
Centro/agencia transcriptor BNPHU
Normas de descripción rda
041 ## - CÓDIGO DE LENGUA
Código de lengua del texto/banda sonora o título independiente spa
082 #4 - NÚMERO DE LA CLASIFICACIÓN DECIMAL DEWEY
Número de clasificación 928.61
Número de documento/Ítem P348b
Número de edición 22
100 1# - ENTRADA PRINCIPAL--NOMBRE DE PERSONA
Nombre de persona Belliard, Basilio,
Fechas asociadas al nombre 1966-
Término indicativo de función/relación autor
9 (RLIN) 23510
Código de función/relación aut.
245 1# - MENCIÓN DE TÍTULO
Título Octavio Paz :
Resto del título temporalidad y soledad /
Mención de responsabilidad, etc. Basilio Belliard ; coordinación de la edición, José Alcántara Almánzar y Elvis Francis Soto ; colaboración, Hipólito Batista.
250 ## - MENCIÓN DE EDICIÓN
Mención de edición Primera edición
264 #4 - PRODUCCIÓN, PUBLICACIÓN, DISTRIBUCIÓN, FABRICACIÓN Y COPYRIGHT
Producción, publicación, distribución, fabricación y copyright Santo Domingo República Dominicana :
Nombre del de productor, editor, distribuidor, fabricante Banco Central de la República Dominicana,
Fecha de producción, publicación, distribución, fabricación o copyright ©2021.
300 ## - DESCRIPCIÓN FÍSICA
Extensión 367 páginas ;
Dimensiones 24 cm.
336 ## - TIPO DE CONTENIDO
Término de tipo de contenido texto
Código de tipo de contenido txt
Fuente rdacontent
337 ## - TIPO DE MEDIO
Nombre/término del tipo de medio sin mediación
Código del tipo de medio n
Fuente rdamedia
338 ## - TIPO DE SOPORTE
Nombre/término del tipo de soporte volumen
Código del tipo de soporte nc
Fuente rdacarrier
490 0# - MENCIÓN DE SERIE
Mención de serie Banco Central de la República Dominicana ;
Designación de volumen o secuencia 282
500 ## - NOTA GENERAL
Nota general Incluye referencias bibliográficas y notas al pie de las páginas
505 0# - NOTA DE CONTENIDO CON FORMATO
Nota de contenido con formato Introducción 9 -- Consideraciones generales 27 -- El tiempo en Octavio Paz 57 -- La soledad en Octavio Paz 188 -- Octavio Paz en el contexto del pensamiento poético latinoamericano y universal 224 -- Poesía, modernidad y presente 233 -- El ensayo en Octavio Paz 248 -- Modernidad y libertad 267 -- Conclusiones generales: notas y apuntes 274 -- Conclusiones 311 -- Referencias 319 -- índice onomástico 343 -- Colección del Banco Central de la República Dominicana 34
590 ## - NOTA LOCAL (RLIN)
Nota local Inventariado, 2021 / DG
600 14 - PUNTO DE ACCESO ADICIONAL DE MATERIA--NOMBRE DE PERSONA
Nombre de persona Paz, Octavio,
Fechas asociadas al nombre 1914-1998
9 (RLIN) 81001
650 #4 - PUNTO DE ACCESO ADICIONAL DE MATERIA--TÉRMINO DE MATERIA
Término de materia o nombre geográfico como elemento de entrada Literatura mexicana
Subdivisión general Crítca e interpretación
9 (RLIN) 82047
700 1# - PUNTO DE ACCESO ADICIONAL--NOMBRE DE PERSONA
Nombre de persona Alcántara Almánzar, José,
Término indicativo de función/relación coordinador de la edición
Código de función/relación coord.
9 (RLIN) 87139
700 1# - PUNTO DE ACCESO ADICIONAL--NOMBRE DE PERSONA
Nombre de persona Soto, Elvis Francis,
Término indicativo de función/relación coordinador de la edición
Código de función/relación coord.
9 (RLIN) 39156
700 1# - PUNTO DE ACCESO ADICIONAL--NOMBRE DE PERSONA
Nombre de persona Batista, Hipólito
Término indicativo de función/relación colaborador
Código de función/relación col.
9 (RLIN) 78008
910 ## - DATOS DE OPCIÓN DEL USUARIO (OCLC)
Datos de opción del usuario DG/Validado. Control de calidad MFF
942 ## - ELEMENTOS DE PUNTO DE ACCESO ADICIONAL (KOHA)
Fuente del sistema de clasificación o colocación Dewey Decimal Classification
Tipo de ítem Koha Libro
Holdings
Estado de retiro Estado de pérdida Fuente del sistema de clasificación o colocación Restricciones de uso No para préstamo Código de colección Localización permanente Ubicación/localización actual Ubicación en estantería Fecha de adquisición Signatura topográfica completa Código de barras Fecha visto por última vez Precio válido a partir de Tipo de ítem Koha Número de copia Fuente de adquisición Total de préstamos
    Dewey Decimal Classification Préstamo restringido   Patrimonio Dominicano Biblioteca Nacional Pedro Henríquez Ureña Biblioteca Nacional Pedro Henríquez Ureña Depósito 14.12.2021 BNPHU PD 928.61 P348b 2022-0203 25.01.2022 25.01.2022 Libro      
    Dewey Decimal Classification Préstamo restringido   Patrimonio Dominicano Biblioteca Nacional Pedro Henríquez Ureña Biblioteca Nacional Pedro Henríquez Ureña Depósito 04.03.2022 BNPHU PD 928.61 P348b 2022-0854 04.03.2022 04.03.2022 Libro e.2    
    Dewey Decimal Classification Préstamo en sala   Dominicana de Servicio Biblioteca Nacional Pedro Henríquez Ureña Biblioteca Nacional Pedro Henríquez Ureña Depósito 04.03.2022 BNPHU DS 928.61 P348b 2022-0855 04.03.2022 04.03.2022 Libro e.3 Depósito Legal  
    Dewey Decimal Classification Préstamo en sala   Dominicana de Servicio Biblioteca Nacional Pedro Henríquez Ureña Biblioteca Nacional Pedro Henríquez Ureña Depósito 13.03.2023 BNPHU DS 928.61 P348b 2025-11712 13.10.2025 13.10.2025 Libro e.4 Donado por Banco Central  

Powered by Koha